000 01123cam a22003377a 4500
003 CHAP
005 20220329142935.0
008 010323s it r 00010 eng d
010 _a89881
011 _a90853
020 _a9251050996
035 _a101410
040 _cCHAP
082 0 4 _a639.2
_bF46 v.735
110 2 _aFAO. Comité Asesor sobre Investigación Pesquera
_939490
245 1 0 _aReport of the session of the working party on small-scale fisheries (2a.)
_c/
260 _aRome :
_bFAO.Comité Asesor sobre Investigación Pesquera,
_c2004.
300 _a21 p.
490 0 _aFAO. Informe de pesca
_v; 735
590 _aBATCH-UPD
_b10
_c20130110
_lUCH01
_h1045
590 _aBATCH-UPD
_b10
_c20130410
_lUCH01
_h0643
590 _aBATCH-UPD
_b10
_c20130914
_lUCH01
_h1349
590 _aCONVERSION
_b10
_c20130109
_lUCH01
_h1350
650 0 4 _aPesca
_xInvestigación.
_987391
650 0 4 _aPesquería.
_987496
830 0 _aFAO. Informe de pesca
_v; 735
_939587
901 _aBK
905 _aAlejandra Carrasco M.
942 _cLIBRO
949 _a639.2 F46 v.735
_bBC
_cFAO
_d33724000798450
_eFAO1
_h104995
_i101410
_sb
999 _c89881
_d89881